000 01709nam a2200289 a 4500
001 78052
003 BD-RjUL
005 20220110145044.0
008 210311s2007 bg ||||| m||| 00| 0 ben d
035 _a(BD-RjUL)78052
040 _aBD-RjUL
_bben /eng
_cBD-RjUL
_dBD-RjUL
041 _aben
082 _a297.12516
_bHOH 2007
_223
100 _aহোসেন, মোহা. এমরান
_9246135
245 1 0 _aহিজরী চতুর্থ ও পঞ্চম শতাব্দীতে হাদীস চর্চার প্রকৃতি ও ধারা :
_bএকটি পর্যালোচনা /
_cমোহা. এমরান হোসেন ;
_6সুপারভাইজার : মো. নিজাম উদ্দীন
260 _aরাজশাহী :
_bআরবী বিভাগ, রাজশাহী বিশ্ববিদ্যলয়,
_c২০০৭
300 _ax, [১]. ৩৬৩ পাতা ;
_c২৯ সেমি.
502 _aথিসিস (পিএইচ. ডি.) -- আরবী বিভাগ, রাজশাহী বিশ্ববিদ্যলয়, ২০০৭
504 _aগ্রন্থপঞ্জী : [৩৪১]-৩৬৩
600 _a
650 _aহাদিস
_xসমালোচনা, ব্যাখ্যা ইত্যাদি
_xইতিহাস
_y৪র্থ-৫ম হিজরী
_9246250
650 _aHadith
_xCriticism, interpretation, etc.
_xHistory
_y4th-5th Hijri
_9246251
650 _aইসলাম
_xমতবাদ
_9246252
650 _aIslam
_xDoctrines
_9246253
700 _aউদ্দীন, মো. নিজাম, সুপারভাইজার
_9632
942 _2ddc
_cTHE
999 _c78052
_d78052